000 00399nam a2200169Ia 4500
008 230524s9999 xx 000 0 und d
020 _a8121903351
082 _a330
_bAHU
100 _aH.L.Ahuja
245 0 _aPrinciples of Microeconomics
250 _a7TH
260 _aNEW DELHI
_bS.Chand
_c2008
300 _aXVI;890
500 _aQuantity Number: 110
650 _aEconomics
942 _cBK
999 _c43499
_d43499